Movies Quiz

Random Movies or Actor Quiz
Score 0/15 Timer 01:30
0 Plays Today
% Correct
Robin Wright
93.8%
Cary Elwes
92.2%
Fred Savage
90%
Mandy Patinkin
88.8%
Billy Crystal
88.8%
André the Giant
87.5%
Carol Kane
85.4%
Peter Falk
83.8%
% Correct
Wallace Shawn
78.5%
Christopher Guest
74.8%
Chris Sarandon
71%
Peter Cook
57.6%
Mel Smith
51.7%
Willoughby Gray
47%
Malcolm Storry
46.4%
Remove Ads.
Support Sporcle.
Get the best of Sporcle when you Go Orange. This ad-free experience offers more features, more stats, and more fun while also helping to support Sporcle. Thank you for becoming a member.

You're not logged in!

Compare scores with friends on all Sporcle quizzes.
OR
Log In

Show Comments

Extras

Top Quizzes Today


Score Distribution

Your Account Isn't Verified!

In order to create a playlist on Sporcle, you need to verify the email address you used during registration. Go to your Sporcle Settings to finish the process.

Report this User

Report this user for behavior that violates our Community Guidelines.

Details: